<?xml version="1.0" encoding="UTF-8"?>
<record
    xmlns:xsi="http://www.w3.org/2001/XMLSchema-instance"
    xsi:schemaLocation="http://www.loc.gov/MARC21/slim http://www.loc.gov/standards/marcxml/schema/MARC21slim.xsd"
    xmlns="http://www.loc.gov/MARC21/slim">

  <leader>01214nam a2200301 i 4500</leader>
  <controlfield tag="001">178805</controlfield>
  <controlfield tag="003">ES-MaACL</controlfield>
  <controlfield tag="005">20240129115653.0</controlfield>
  <controlfield tag="008">110704s2007    sp aeo       |||| |dspa d</controlfield>
  <datafield tag="020" ind1=" " ind2=" ">
    <subfield code="a">84-611-3199-1</subfield>
  </datafield>
  <datafield tag="080" ind1=" " ind2=" ">
    <subfield code="a">77 Sanchidri&#xE1;n Gallego, Jes&#xFA;s Mar&#xED;a Jos&#xE9;</subfield>
  </datafield>
  <datafield tag="080" ind1=" " ind2=" ">
    <subfield code="a">725.963(460.189 A.)(084.12)</subfield>
  </datafield>
  <datafield tag="100" ind1="1" ind2=" ">
    <subfield code="a">Sanchidri&#xE1;n Gallego, Jes&#xFA;s Mar&#xED;a Jos&#xE9;.</subfield>
    <subfield code="9">103003</subfield>
  </datafield>
  <datafield tag="245" ind1="1" ind2="3">
    <subfield code="a">La muralla de &#xC1;vila : </subfield>
    <subfield code="b">fotograf&#xED;a hist&#xF3;rica y monumental / </subfield>
    <subfield code="c">Jes&#xFA;s M.&#xAA; J. Sanchidri&#xE1;n Gallego.</subfield>
  </datafield>
  <datafield tag="250" ind1=" " ind2=" ">
    <subfield code="a">1&#xAA; ed.</subfield>
  </datafield>
  <datafield tag="260" ind1=" " ind2=" ">
    <subfield code="a">&#xC1;vila : </subfield>
    <subfield code="b">Piedra Caballera, </subfield>
    <subfield code="c">2007.</subfield>
  </datafield>
  <datafield tag="300" ind1=" " ind2=" ">
    <subfield code="a">234 p., [20] p. de l&#xE1;m. fot. : </subfield>
    <subfield code="b">principalmente il., fot. ; </subfield>
    <subfield code="c">18 x 25 cm.</subfield>
  </datafield>
  <datafield tag="490" ind1="1" ind2=" ">
    <subfield code="a">Estampas de la tierra de &#xC1;vila ; </subfield>
    <subfield code="v">4</subfield>
  </datafield>
  <datafield tag="500" ind1=" " ind2=" ">
    <subfield code="a">&#xCD;ndices.</subfield>
  </datafield>
  <datafield tag="504" ind1=" " ind2=" ">
    <subfield code="a">Bibliograf&#xED;a: p. 65-78.</subfield>
  </datafield>
  <datafield tag="600" ind1="1" ind2="4">
    <subfield code="a">Sanchidri&#xE1;n Gallego, Jes&#xFA;s Mar&#xED;a Jos&#xE9;.</subfield>
    <subfield code="9">103003</subfield>
  </datafield>
  <datafield tag="650" ind1=" " ind2="4">
    <subfield code="a">Murallas-</subfield>
    <subfield code="z">&#xC1;vila-</subfield>
    <subfield code="v">Obras ilustradas.</subfield>
    <subfield code="9">147297</subfield>
  </datafield>
  <datafield tag="651" ind1=" " ind2="4">
    <subfield code="a">&#xC1;vila-</subfield>
    <subfield code="x">Usos y costumbres.</subfield>
    <subfield code="9">174074</subfield>
  </datafield>
  <datafield tag="830" ind1="1" ind2=" ">
    <subfield code="a">Estampas de la tierra de &#xC1;vila ; </subfield>
    <subfield code="v">4</subfield>
    <subfield code="9">191035</subfield>
  </datafield>
  <datafield tag="852" ind1="4" ind2=" ">
    <subfield code="a">ES-MaACL</subfield>
    <subfield code="j">A-11301</subfield>
    <subfield code="9">185666</subfield>
    <subfield code="b">R.145496</subfield>
    <subfield code="c">DEPO1</subfield>
    <subfield code="d">Olim: N-4305</subfield>
    <subfield code="x">Donaci&#xF3;n: Editorial</subfield>
  </datafield>
  <datafield tag="942" ind1=" " ind2=" ">
    <subfield code="2">udc</subfield>
    <subfield code="c">MONOGRAFIA</subfield>
  </datafield>
  <datafield tag="999" ind1=" " ind2=" ">
    <subfield code="c">178805</subfield>
    <subfield code="d">178805</subfield>
  </datafield>
  <datafield tag="952" ind1=" " ind2=" ">
    <subfield code="0">0</subfield>
    <subfield code="1">0</subfield>
    <subfield code="2">udc</subfield>
    <subfield code="4">0</subfield>
    <subfield code="7">0</subfield>
    <subfield code="a">ATENEOM</subfield>
    <subfield code="b">ATENEOM</subfield>
    <subfield code="c">DEPO1</subfield>
    <subfield code="d">2011-07-04</subfield>
    <subfield code="e">DONACION</subfield>
    <subfield code="l">0</subfield>
    <subfield code="o">A-11301</subfield>
    <subfield code="p">1187821</subfield>
    <subfield code="r">2023-02-23 00:00:00</subfield>
    <subfield code="w">2023-02-23</subfield>
    <subfield code="y">MONOGRAFIA</subfield>
  </datafield>
</record>
